Revista Nacional de Arquitectura : año IX, número 93-94, septiembre-octubre 1949 /

Salvato in:
Dettagli Bibliografici
Altri autori: Miguel, Carlos de (dirección) (dirección)
Natura: Libro
Lingua:spagnolo
Pubblicazione: Madrid, España : Colegio Oficial de Arquitectos de Madrid, 1949
Tags: Aggiungi Tag
Nessun Tag, puoi essere il primo ad aggiungerne!!

MARC

LEADER 00000nam^a2200000^a^4500
001 000561056
005 20250526000000.0
009 20260310131916.089
037 |a Acervo ITESO - Biblioteca 
041 |a ESP 
091 |a FHA. 02808 
245 0 0 |a Revista Nacional de Arquitectura :  |b año IX, número 93-94, septiembre-octubre 1949 / 
264 1 |a Madrid, España :  |b Colegio Oficial de Arquitectos de Madrid,  |c 1949 
300 |a p. 381-451 ;  |c 30.5 cm. 
336 |a texto  |b txt  |2 rdacontenido 
337 |a sin mediación  |b n  |2 rdamedio 
338 |a volumen  |b nc  |2 rdasoporte 
515 |a Inventario familia Hartung: 1401 
649 |a XX 
700 |a Miguel, Carlos de  |e (dirección) 
910 |a Fondo Horst Hartung Franz 
920 |a Impresos - Libros 
930 |a Libros Antiguos y Raros 
905 |a 135 
901 |a 0500333105  |b IT2  |c LRA  |i D  |u 20250526 
902 |a https://opac.biblio.iteso.mx/vufind/Record/000561056